5HLuxD.jpg

KING HENRY VIII SENIOR AND PRIMARY SCHOOL LIBRARY OPAC

Hot Dog and Bob and the exceptionally eggy attack of the Game Gators / (Record no. 1661)

000 -LEADER
fixed length control field 01735pam a2200469 a 4500
001 - CONTROL NUMBER
control field 013818948
003 - CONTROL NUMBER IDENTIFIER
control field Uk
005 - DATE AND TIME OF LATEST TRANSACTION
control field 20230118085200.0
008 - FIXED-LENGTH DATA ELEMENTS--GENERAL INFORMATION
fixed length control field 060504s2007 caua b 000 1 eng
010 ## - LIBRARY OF CONGRESS CONTROL NUMBER
LC control number 2006014858
015 ## - NATIONAL BIBLIOGRAPHY NUMBER
National bibliography number GBA764928
Source bnb
016 7# - NATIONAL BIBLIOGRAPHIC AGENCY CONTROL NUMBER
Record control number 013818948
Source Uk
020 ## - INTERNATIONAL STANDARD BOOK NUMBER
International Standard Book Number 9780811856041 (pbk.) :
035 ## - SYSTEM CONTROL NUMBER
System control number (OCoLC)ocm70060922
035 ## - SYSTEM CONTROL NUMBER
System control number (OCoLC)70060922
040 ## - CATALOGING SOURCE
Original cataloging agency StDuBDS
Language of cataloging eng
Transcribing agency StDuBDS
Modifying agency Uk
-- KH8
042 ## - AUTHENTICATION CODE
Authentication code ukblcatcopy
082 00 - DEWEY DECIMAL CLASSIFICATION NUMBER
Classification number 813.54 ROV
Edition number 22
100 1# - MAIN ENTRY--PERSONAL NAME
Personal name Rovetch, Lissa.
Relator term author
245 10 - TITLE STATEMENT
Title Hot Dog and Bob and the exceptionally eggy attack of the Game Gators /
Statement of responsibility, etc. by L. Bob Rovetch ; illustrated by Dave Whamond.
260 ## - PUBLICATION, DISTRIBUTION, ETC.
Place of publication, distribution, etc. San Francisco, Calif. :
Name of publisher, distributor, etc. Chronicle Books,
Date of publication, distribution, etc. c2007.
300 ## - PHYSICAL DESCRIPTION
Extent 94 p. :
Other physical details ill. ;
Dimensions 21 cm.
336 ## - CONTENT TYPE
Content type term text
Source rdacontent
337 ## - MEDIA TYPE
Media type term unmediated
Source rdamedia
338 ## - CARRIER TYPE
Carrier type term volume
Source rdacarrier
500 ## - GENERAL NOTE
General note "Adventure #4."
500 ## - GENERAL NOTE
General note Formerly CIP.
Institution to which field applies Uk
520 ## - SUMMARY, ETC.
Summary, etc. When all of the fifth-graders from Lugenheimer Elementary School are transported to the domain of the rapping Gutter Gator to compete in life-or-death games, it is up to Bob, his best friend Clementine, and superhero Hot Dog from the planet Dogzalot to rescue them.
650 #0 - SUBJECT ADDED ENTRY--TOPICAL TERM
Topical term or geographic name entry element Alligators
Form subdivision Juvenile fiction.
650 #0 - SUBJECT ADDED ENTRY--TOPICAL TERM
Topical term or geographic name entry element Games
Form subdivision Juvenile fiction.
650 #0 - SUBJECT ADDED ENTRY--TOPICAL TERM
Topical term or geographic name entry element Frankfurters
Form subdivision Juvenile fiction.
650 #0 - SUBJECT ADDED ENTRY--TOPICAL TERM
Topical term or geographic name entry element Human-alien encounters
Form subdivision Juvenile fiction.
650 #0 - SUBJECT ADDED ENTRY--TOPICAL TERM
Topical term or geographic name entry element Schools
Form subdivision Juvenile fiction.
650 #1 - SUBJECT ADDED ENTRY--TOPICAL TERM
Topical term or geographic name entry element Alligators
Form subdivision Fiction.
650 #1 - SUBJECT ADDED ENTRY--TOPICAL TERM
Topical term or geographic name entry element Games
Form subdivision Fiction.
650 #1 - SUBJECT ADDED ENTRY--TOPICAL TERM
Topical term or geographic name entry element Frankfurters
Form subdivision Fiction.
650 #1 - SUBJECT ADDED ENTRY--TOPICAL TERM
Topical term or geographic name entry element Extraterrestrial beings
Form subdivision Fiction.
650 #1 - SUBJECT ADDED ENTRY--TOPICAL TERM
Topical term or geographic name entry element Schools
Form subdivision Fiction.
650 #1 - SUBJECT ADDED ENTRY--TOPICAL TERM
Topical term or geographic name entry element Humorous stories.
700 1# - ADDED ENTRY--PERSONAL NAME
Personal name Whamond, Dave,
Relator term ill.
942 ## - ADDED ENTRY ELEMENTS (KOHA)
Source of classification or shelving scheme
Koha item type Books - Non Ficton
Holdings
Withdrawn status Lost status Source of classification or shelving scheme Damaged status Not for loan Collection code Permanent Location Current Location Shelving location Date acquired Total Checkouts Full call number Barcode Date last seen Date last checked out Price effective from Koha item type
          Non-Fiction KH8 Primary School Library KH8 Primary School Library Non Fiction 2023-01-18 9 813.54 ROV KHPL000003419 2025-12-05 2025-09-30 2023-01-18 Books - Non Ficton

Powered By KH8 IT Dept